000 00691nam a2200217Ia 4500
001 15862
003 GE_BSU
008 181216s||||||||xx |||||||||||||| ||und||
040 _cGE_BSU
080 _a821.353.1-1 + 821.353.1-144 + 821.353.1-11
100 _aჭელიძე, ოთარ
245 _aრჩეული
245 _bლირიკა, ბალადები, პოემები
260 _aთბილისი
260 _bსაბჭ. საქართველო
260 _c1974
300 _a416გვ. ; 18სმ
653 _aლირიკა, ბალადები, პოემები
653 _aრჩეული
942 _cBK
999 _c48959
_d48959